00370nam a2200145Ia 4500008004100000020001500041041001200056082001600068100001800084245003600102260003700138300001000175650001500185700002400200221030s9999 xx 000 0 und d a8177000217 aEnglish a105.23bDom aS. Domkundwar 2aA Course in Thermal Engineering bDhanpat Rai PubaNew Delhic2001 a32.12 aMechanical aC. P. Kothandaraman